[Event "World Blitz 2025"]
[Site "Doha QAT"]
[Date "2025.12.30"]
[Round "19.10"]
[White "Lu, Shanglei"]
[Black "Samunenkov, Ihor"]
[Result "1/2-1/2"]
[WhiteTitle "GM"]
[BlackTitle "GM"]
[WhiteElo "2643"]
[BlackElo "2584"]
[WhiteFideId "8603332"]
[BlackFideId "14187086"]
[EventDate "2025.12.29"]

1. e4 e5 2. Nf3 Nc6 3. d4 exd4 4. Nxd4 Bc5 5. Be3 Qf6 6. c3 d6 7. Be2 Nge7 8.
O-O O-O 9. Qd2 h6 10. a4 Qg6 11. f3 f5 12. exf5 Nxf5 13. Nxf5 Bxf5 14. Bxc5 dxc5
15. Na3 Rae8 16. Rae1 Kh8 17. Nc4 b6 18. Ne3 Rd8 19. Qc1 Bd3 20. Bxd3 Rxd3 21.
Qc2 Rfd8 22. Ng4 c4 23. Nf2 R3d6 24. Qxg6 Rxg6 25. Rd1 Rgd6 26. Rxd6 Rxd6 27.
Rd1 Kg8 28. Kf1 Kf7 29. Ke2 Ke6 30. f4 g6 31. g4 h5 32. h3 hxg4 33. hxg4 Ne7 34.
Kf3 Rxd1 35. Nxd1 Nc8 36. Ne3 Nd6 37. Kg3 c6 38. Kh4 Kf6 39. Kg3 g5 40. Kf3 a5
41. Nc2 Nb7 42. Na3 Nc5 43. Nxc4 Nxa4 44. Ke4 c5 45. f5 b5 46. Nxa5 Nxb2 47. Kd5
Na4 48. Nc6 Nxc3+ 49. Kxc5 Ne4+ 50. Kxb5 Nf2 51. Nd4 Nxg4 52. Nf3 Kxf5 53. Nxg5
Kxg5 1/2-1/2

[Event "World Blitz 2025"]
[Site "Doha QAT"]
[Date "2025.12.30"]
[Round "19.11"]
[White "Paravyan, David"]
[Black "Firouzja, Alireza"]
[Result "0-1"]
[WhiteTitle "GM"]
[BlackTitle "GM"]
[WhiteElo "2582"]
[BlackElo "2762"]
[WhiteFideId "4194985"]
[BlackFideId "12573981"]
[EventDate "2025.12.29"]

1. e4 c6 2. d4 d6 3. Nf3 Qc7 4. Be2 e5 5. a4 Nf6 6. Nc3 Be7 7. O-O Bg4 8. Be3
Nbd7 9. Re1 O-O 10. h3 Bh5 11. Nh4 Bg6 12. Nxg6 hxg6 13. Bf1 a6 14. a5 Rac8 15.
g3 Rfe8 16. Bg2 Bf8 17. Qd2 exd4 18. Bxd4 Ne5 19. b3 c5 20. Be3 Nc6 21. g4 Nb4
22. g5 Nd7 23. f4 c4 24. Bd4 cxb3 25. cxb3 Nc5 26. Na4 Nxa4 27. Rxa4 d5 28. Rxb4
Qxa5 29. Bc3 Rxc3 30. Ra4 Bc5+ 31. Kh1 Rxh3+ 0-1

[Event "World Blitz 2025"]
[Site "Doha QAT"]
[Date "2025.12.30"]
[Round "19.12"]
[White "Moussard, Jules"]
[Black "Aronian, Levon"]
[Result "1/2-1/2"]
[WhiteTitle "GM"]
[BlackTitle "GM"]
[WhiteElo "2600"]
[BlackElo "2729"]
[WhiteFideId "642908"]
[BlackFideId "13300474"]
[EventDate "2025.12.29"]

1. Nf3 d5 2. b3 Bf5 3. e3 e6 4. Be2 h6 5. Bb2 Nf6 6. O-O Be7 7. c4 O-O 8. Nc3 c6
9. d4 Nbd7 10. Bd3 Bxd3 11. Qxd3 a5 12. Rad1 Qb6 13. Na4 Qa6 14. cxd5 Qxd3 15.
Rxd3 exd5 16. Rc1 b5 17. Nc3 a4 18. Nd1 axb3 19. axb3 c5 20. Rd2 c4 21. bxc4
bxc4 22. Ne5 Rfc8 23. f3 Nb6 24. Nc3 Bb4 25. Rdc2 Na4 26. Nxa4 Rxa4 27. Bc3 Bxc3
28. Rxc3 Rb8 29. e4 dxe4 30. Rxc4 Rxc4 31. Rxc4 e3 32. Rc1 Nd5 33. g3 Rb4 34.
Rd1 f6 35. Ng6 Kf7 36. Nf4 Nxf4 37. gxf4 Ke6 38. d5+ Kd6 39. Kg2 Rb2+ 40. Kg3
Rd2 41. Re1 Rd3 42. Kg4 Kxd5 43. Kf5 Kd4 44. Kg6 Rd2 45. Kxg7 Rxh2 46. Kxf6 e2
47. f5 Ke3 48. Kg6 Kxf3 49. f6 Ke3 50. Ra1 Rf2 51. f7 h5 52. Ra3+ Kd4 53. Ra4+
Kd3 54. Ra3+ Kd4 55. Ra4+ Kc3 56. Ra3+ Kc4 57. Ra4+ Kd5 58. Ra5+ Ke6 59. Ra6+
Ke5 60. Ra5+ Kd4 61. Ra4+ Kd3 62. Ra3+ Kd2 63. Ra2+ 1/2-1/2

[Event "World Blitz 2025"]
[Site "Doha QAT"]
[Date "2025.12.30"]
[Round "19.13"]
[White "Artemiev, Vladislav"]
[Black "Salem, A.R. Saleh"]
[Result "1/2-1/2"]
[WhiteTitle "GM"]
[BlackTitle "GM"]
[WhiteElo "2641"]
[BlackElo "2635"]
[WhiteFideId "24101605"]
[BlackFideId "9301348"]
[EventDate "2025.12.29"]

1. c4 c5 2. Nf3 Nf6 3. g3 d5 4. cxd5 Nxd5 5. Bg2 Nc6 6. d4 cxd4 7. Nxd4 Ndb4 8.
Nxc6 Qxd1+ 9. Kxd1 Nxc6 10. Nc3 Bd7 11. Be3 h5 12. Ke1 h4 13. f4 hxg3 14. hxg3
Rxh1+ 15. Bxh1 Rc8 16. Rc1 e6 17. Kf2 Be7 18. Bf3 f5 19. g4 Kf7 20. Rd1 Be8 21.
gxf5 exf5 22. Bd5+ Kf6 23. Bb3 Bd8 24. Rd6+ Ke7 25. Bc5 Na5 26. Nd5+ Kf7 27.
Nc3+ Nxb3 28. Nb5 Rc7 29. Nxc7 1/2-1/2

[Event "World Blitz 2025"]
[Site "Doha QAT"]
[Date "2025.12.30"]
[Round "19.14"]
[White "Mamedov, Rauf"]
[Black "Bu, Xiangzhi"]
[Result "1/2-1/2"]
[WhiteTitle "GM"]
[BlackTitle "GM"]
[WhiteElo "2645"]
[BlackElo "2665"]
[WhiteFideId "13401653"]
[BlackFideId "8601445"]
[EventDate "2025.12.29"]

1. e4 e5 2. Nf3 Nf6 3. Nxe5 d6 4. Nf3 Nxe4 5. d4 d5 6. Bd3 Be7 7. O-O Nc6 8.
Nbd2 Bf5 9. Re1 Nxd2 10. Qxd2 Bg6 11. Bxg6 1/2-1/2

[Event "World Blitz 2025"]
[Site "Doha QAT"]
[Date "2025.12.30"]
[Round "19.15"]
[White "Van Foreest, Jorden"]
[Black "Narayanan, S.L."]
[Result "1/2-1/2"]
[WhiteTitle "GM"]
[BlackTitle "GM"]
[WhiteElo "2692"]
[BlackElo "2616"]
[WhiteFideId "1039784"]
[BlackFideId "5058422"]
[EventDate "2025.12.29"]

1. e4 c5 2. Nf3 d6 3. d4 cxd4 4. Nxd4 Nf6 5. Nc3 a6 6. a3 Nc6 7. Nxc6 bxc6 8. e5
dxe5 9. Qe2 g6 10. Qxe5 Bg7 11. Bd3 O-O 12. Qc5 Nd7 13. Qg5 Bf6 14. Qg3 Nc5 15.
Be2 Bf5 16. Bd1 Ne6 17. O-O Nd4 18. Bh6 Re8 19. Rc1 Rb8 20. b4 a5 21. bxa5 Qxa5
22. Ne2 Nb5 23. Nf4 Qxa3 24. Nh5 Bb2 25. Bf3 Bxc1 26. Bxc1 Qc3 27. Bf4 Rbd8 28.
Be5 Nd4 29. Qf4 f6 30. Bxf6 exf6 31. Nxf6+ Kg7 32. Nxe8+ Rxe8 33. Qc7+ Kh8 34.
Bd1 Re1 35. Qd8+ Kg7 36. Qc7+ Kh6 37. Qf4+ g5 38. Qd6+ Be6 39. Qf8+ Kg6 40. Qe8+
Kf6 41. Qd8+ Kg6 42. Qe8+ Kf6 43. Qd8+ Kg6 44. Qe8+ 1/2-1/2

[Event "World Blitz 2025"]
[Site "Doha QAT"]
[Date "2025.12.30"]
[Round "19.16"]
[White "Andreikin, Dmitry"]
[Black "Murzin, Volodar"]
[Result "0-1"]
[WhiteTitle "GM"]
[BlackTitle "GM"]
[WhiteElo "2710"]
[BlackElo "2648"]
[WhiteFideId "4158814"]
[BlackFideId "44155573"]
[EventDate "2025.12.29"]

1. e4 c5 2. Nc3 Nc6 3. Bb5 Nd4 4. Nf3 Nxb5 5. Nxb5 d6 6. d4 a6 7. Nc3 cxd4 8.
Qxd4 e5 9. Qd3 h6 10. Nd2 Nf6 11. Nc4 Be6 12. Ne3 Rc8 13. a4 Be7 14. O-O O-O 15.
Bd2 Qb6 16. a5 Qd4 17. Ra4 Qxd3 18. cxd3 Rc5 19. Rfa1 Rfc8 20. d4 exd4 21. Rxd4
Bd8 22. Rda4 Bd7 23. R4a3 Be6 24. h3 Nd7 25. Ncd5 Nf6 26. Nc3 Nd7 27. f4 Nf6 28.
f5 Bd7 29. b4 Re5 30. Ng4 Nxg4 31. hxg4 Bf6 32. Rd1 Bc6 33. Bf4 Ree8 34. Nd5
Rxe4 35. Nxf6+ gxf6 36. Bxd6 Rd8 37. Rad3 Rxg4 38. g3 Be4 39. Rd4 Bxf5 40. Rxg4+
Bxg4 41. Rd4 Be6 42. Be5 Rc8 43. Bxf6 Kh7 44. Be7 Rc2 45. Bc5 Kg6 46. Rf4 Bd5
47. Rf2 Rc3 48. Bd6 f6 49. Rd2 Bc6 50. Kh2 h5 51. Kg1 Rc1+ 52. Kf2 Rh1 53. Ke3
h4 54. gxh4 Rxh4 55. Rd4 Rh3+ 56. Kd2 f5 57. Bc7 Be4 58. Rd8 Rb3 59. Rd4 Kg5 60.
Ke2 Kg4 61. Kf2 Rc3 62. Bd6 Rc2+ 63. Ke3 Rc1 64. Bb8 Rf1 65. Bd6 Rf3+ 66. Ke2
Kh3 67. Kd2 Rb3 68. Ke2 Kg2 69. Kd2 Kf3 70. Bc5 Rb2+ 71. Ke1 f4 72. Rd2 Rb1+ 73.
Rd1 Rb3 74. Rd2 Bd3 75. Rf2+ Ke4 76. Kd2 Rb2+ 77. Kc3 Rb1 78. Rh2 Rc1+ 79. Kb2
Rb1+ 80. Kc3 Rc1+ 81. Kb2 Rxc5 82. bxc5 Ke3 83. Kc3 f3 84. c6 bxc6 85. Rh6 f2
86. Rh3+ Ke2 87. Rh2 Bb5 0-1

[Event "World Blitz 2025"]
[Site "Doha QAT"]
[Date "2025.12.30"]
[Round "19.17"]
[White "Sarana, Alexey"]
[Black "Alekseenko, Kirill"]
[Result "0-1"]
[WhiteTitle "GM"]
[BlackTitle "GM"]
[WhiteElo "2673"]
[BlackElo "2659"]
[WhiteFideId "24133795"]
[BlackFideId "4135539"]
[EventDate "2025.12.29"]

1. d4 d5 2. Nf3 Nf6 3. c4 e6 4. Nc3 Nbd7 5. cxd5 exd5 6. Bg5 h6 7. Bh4 Bb4 8.
Qc2 g5 9. Bg3 Ne4 10. a3 Bxc3+ 11. bxc3 h5 12. c4 c6 13. cxd5 Qa5+ 14. Nd2 cxd5
15. f3 Nxg3 16. hxg3 Nf6 17. Kf2 Bd7 18. Nb3 Qd8 19. Qd2 b6 20. Rc1 Qe7 21. Rc3
Be6 22. Nc1 h4 23. gxh4 gxh4 24. Nd3 Nh5 25. Ne5 Ng3 26. Rh2 Qf6 27. Kg1 Kf8 28.
Rc7 Kg7 29. e3 Rhc8 30. Rxc8 Rxc8 31. Bd3 Bf5 32. Bxf5 Rc1+ 33. Qxc1 Ne2+ 34.
Kf2 Nxc1 35. Bc2 Qe7 36. Bf5 Qg5 37. Bg4 Qe7 38. Bf5 a5 39. a4 Qb4 40. Rxh4 Qd2+
41. Kg3 Ne2+ 42. Kg4 Qxe3 43. Rh7+ Kg8 44. Rxf7 Qxd4+ 45. Kg5 Qxe5 46. Rd7 Nd4
47. g4 Nxf3+ 48. Kh5 Qh2+ 0-1

[Event "World Blitz 2025"]
[Site "Doha QAT"]
[Date "2025.12.30"]
[Round "19.18"]
[White "Praggnanandhaa, R"]
[Black "Santos Latasa, Jaime"]
[Result "0-1"]
[WhiteTitle "GM"]
[BlackTitle "GM"]
[WhiteElo "2761"]
[BlackElo "2616"]
[WhiteFideId "25059530"]
[BlackFideId "2293307"]
[EventDate "2025.12.29"]

1. d4 Nf6 2. Nf3 d5 3. c3 e6 4. Bg5 h6 5. Bxf6 Qxf6 6. Nbd2 c5 7. e4 cxd4 8.
Nxd4 Bc5 9. N4f3 O-O 10. e5 Qe7 11. Bd3 Nc6 12. O-O f6 13. Qe2 fxe5 14. Nxe5
Nxe5 15. Qxe5 Bd6 16. Qh5 Bd7 17. c4 Qg5 18. Qxg5 hxg5 19. Rad1 Rad8 20. Be2 Bc6
21. Bg4 Rde8 22. h3 Bc5 23. cxd5 exd5 24. Nf3 Re2 25. Nxg5 Rexf2 26. Rxf2 Rxf2
27. Kh1 Be3 28. Nf3 d4 29. b4 Kf8 30. Kh2 Bf4+ 31. Kg1 Rxa2 32. b5 Bxb5 33. Nxd4
Be3+ 34. Kh2 Bxd4 35. Rxd4 Bc6 36. Bf3 Bxf3 37. Rf4+ Ke7 38. Rxf3 b5 39. Rg3 Kf6
40. Rf3+ Kg6 41. Rg3+ Kh6 42. Rb3 a6 43. Kg3 Ra4 44. Kf3 b4 45. Ke4 a5 46. Kd4
Ra2 47. Rg3 Rc2 48. Rg4 b3 49. Kd3 Rc1 50. Rh4+ Kg6 51. Rg4+ Kh7 52. Kd4 0-1

[Event "World Blitz 2025"]
[Site "Doha QAT"]
[Date "2025.12.30"]
[Round "19.19"]
[White "Gukesh, D"]
[Black "Le, Quang Liem"]
[Result "0-1"]
[WhiteTitle "GM"]
[BlackTitle "GM"]
[WhiteElo "2754"]
[BlackElo "2731"]
[WhiteFideId "46616543"]
[BlackFideId "12401137"]
[EventDate "2025.12.29"]

1. e4 e5 2. Nf3 Nc6 3. Bc4 Bc5 4. c3 Nf6 5. d3 d6 6. O-O a6 7. a4 O-O 8. Re1 Ba7
9. h3 h6 10. Nbd2 Re8 11. Bb3 Be6 12. Bc2 d5 13. Qe2 dxe4 14. dxe4 a5 15. Nb3
Qe7 16. Be3 Bxe3 17. Qxe3 b6 18. Nbd2 Rad8 19. Bd3 Nd7 20. Bb5 Na7 21. Bf1 Qc5
22. Qxc5 Nxc5 23. b4 Nd3 24. Re3 Nf4 25. Nc4 axb4 26. cxb4 f6 27. Rc3 Kf8 28.
Ne3 c6 29. a5 b5 30. h4 Bf7 31. Rcc1 Ne6 32. Rd1 Nd4 33. Ne1 Nb3 34. Rxd8 Rxd8
35. Rb1 Nd2 36. Rd1 Ke8 37. f3 h5 38. Rc1 Nb3 39. Rc3 c5 40. bxc5 b4 41. Rc2
Nxa5 42. Nd3 b3 43. Rb2 N7c6 44. Kf2 g6 45. g4 Nd4 46. g5 fxg5 47. hxg5 Nac6 48.
Ne1 Ra8 49. Bc4 Ra2 50. Nd3 Nb4 51. Ke1 Nxd3+ 0-1

[Event "World Blitz 2025"]
[Site "Doha QAT"]
[Date "2025.12.30"]
[Round "19.20"]
[White "Grischuk, Alexander"]
[Black "Pranav, V"]
[Result "1-0"]
[WhiteTitle "GM"]
[BlackTitle "GM"]
[WhiteElo "2654"]
[BlackElo "2641"]
[WhiteFideId "4126025"]
[BlackFideId "25060783"]
[EventDate "2025.12.29"]

1. e4 e5 2. Nf3 Nc6 3. Bb5 a6 4. Ba4 Nf6 5. O-O Be7 6. Bxc6 dxc6 7. d3 Nd7 8.
Nc3 O-O 9. Be3 Re8 10. a4 a5 11. Kh1 Bd6 12. Ne2 Nf8 13. Ng3 Ng6 14. Nd2 Be6 15.
Nf5 Bf8 16. Qf3 Qd7 17. g4 f6 18. Rg1 Kh8 19. Rg3 Bb4 20. Rag1 Rf8 21. Rh3 Ne7
22. Qg3 g5 23. Nf3 Ng6 24. Rh6 Bd6 25. h4 gxh4 26. N3xh4 Rg8 27. Rg2 Nxh4 28.
Qxh4 Bxf5 29. Qxf6+ Qg7 30. gxf5 Qxf6 31. Rxf6 Rxg2 32. Kxg2 Kg7 33. Re6 b5 34.
d4 exd4 35. Bxd4+ Kf7 36. Rh6 Kg8 37. e5 Bf8 38. Rh4 Rd8 39. e6 h5 40. f6 Bh6
41. f7+ Kh7 42. e7 1-0

[Event "World Blitz 2025"]
[Site "Doha QAT"]
[Date "2025.12.30"]
[Round "19.21"]
[White "Dominguez Perez, Leinier"]
[Black "Esipenko, Andrey"]
[Result "0-1"]
[WhiteTitle "GM"]
[BlackTitle "GM"]
[WhiteElo "2738"]
[BlackElo "2698"]
[WhiteFideId "3503240"]
[BlackFideId "24175439"]
[EventDate "2025.12.29"]

1. e4 e5 2. Nf3 Nc6 3. Bc4 Bc5 4. c3 Nf6 5. d3 h6 6. O-O d6 7. Re1 O-O 8. h3 Bb6
9. Nbd2 Re8 10. Bb3 Be6 11. Bc2 d5 12. exd5 Bxd5 13. Ne4 Nxe4 14. dxe4 Bc4 15.
Be3 Qf6 16. Nd2 Bxe3 17. Rxe3 Rad8 18. Qe1 Be6 19. Nf1 Qe7 20. Bb3 Bxb3 21. axb3
a5 22. Nd2 Qc5 23. Qe2 Rd7 24. Rd3 Red8 25. Rxd7 Rxd7 26. Nf1 Qd6 27. Ne3 Qd2
28. Qxd2 Rxd2 29. Nc4 Rc2 30. Nxa5 Nxa5 31. Rxa5 Rxb2 32. b4 Rb3 33. Rxe5 Rxc3
34. Re8+ Kh7 35. Re7 Kg6 36. e5 Rc4 37. b5 b6 38. g3 Rc5 39. f4 f6 40. exf6 Kxf6
41. Rd7 g5 42. fxg5+ hxg5 43. Kg2 Ke6 44. Rg7 Kd6 45. h4 gxh4 46. gxh4 Rxb5 47.
Kf3 Rb4 48. Kg3 Rb1 49. Kg2 Rb2+ 50. Kg3 Rb1 51. Kg2 Rb5 52. Rg6+ Ke7 53. Rg7+
Kd6 54. Rg6+ Kd7 55. Rg7+ Kc6 56. Kf3 Rb1 57. Kg2 Rb2+ 58. Kg3 Rb5 59. Kg4 Rb1
60. Rg6+ Kd5 61. h5 Rh1 62. Kg5 b5 63. h6 b4 64. Rg7 c5 65. Rb7 Kc4 66. Kg6 b3
67. h7 Kc3 68. Rb5 Rxh7 69. Kxh7 c4 70. Kg6 Kb2 71. Kf5 c3 0-1

[Event "World Blitz 2025"]
[Site "Doha QAT"]
[Date "2025.12.30"]
[Round "19.22"]
[White "Ahmad, Khagan"]
[Black "Mamedyarov, Shakhriyar"]
[Result "1-0"]
[WhiteTitle "IM"]
[BlackTitle "GM"]
[WhiteElo "2472"]
[BlackElo "2730"]
[WhiteFideId "13431552"]
[BlackFideId "13401319"]
[EventDate "2025.12.29"]

1. e4 d6 2. d4 Nf6 3. Nc3 e5 4. Nf3 Nbd7 5. Bc4 Be7 6. O-O O-O 7. a4 c6 8. Re1
Re8 9. a5 h6 10. b3 Rb8 11. d5 Qc7 12. Be3 Ra8 13. h3 a6 14. Nd2 cxd5 15. exd5
Nf8 16. Bb6 Qb8 17. Bd3 Ng6 18. Bxg6 fxg6 19. Nc4 Bf5 20. Qd2 Kh7 21. g4 Bd7 22.
f4 exf4 23. Qxf4 Ng8 24. Ne4 Nf6 25. Rad1 Nxe4 26. Rxe4 Bg5 27. Qf3 Rxe4 28.
Qxe4 Bb5 29. Rf1 Bxc4 30. bxc4 Qe8 31. Qxe8 Rxe8 32. Rf7 Re4 33. Bc7 Rxc4 34.
Bxd6 Bf6 35. Rc7 Rd4 36. c4 h5 37. gxh5 gxh5 38. Kg2 Kh6 39. Bc5 Rd2+ 40. Kf3
Kg6 41. Rxb7 Rc2 42. Be7 Rxc4 43. Rb6 Rc3+ 44. Ke4 Rxh3 45. Bxf6 gxf6 46. d6 Rh1
47. Kd5 h4 48. d7 h3 49. Rb2 Rd1+ 50. Ke6 Kg5 51. Rb8 f5 52. Rg8+ Kf4 53. d8=Q
Rxd8 54. Rxd8 Kg4 55. Rg8+ Kf4 56. Rh8 Kg4 57. Ke5 f4 58. Ke4 Kg3 59. Rg8+ 1-0

[Event "World Blitz 2025"]
[Site "Doha QAT"]
[Date "2025.12.30"]
[Round "19.23"]
[White "Pranav, Anand"]
[Black "Jobava, Baadur"]
[Result "1-0"]
[WhiteTitle "GM"]
[BlackTitle "GM"]
[WhiteElo "2591"]
[BlackElo "2568"]
[WhiteFideId "46626786"]
[BlackFideId "13601520"]
[EventDate "2025.12.29"]

1. e4 d6 2. d4 Nf6 3. Nc3 e5 4. Nf3 Nbd7 5. Bc4 Be7 6. a4 O-O 7. O-O c6 8. Re1
h6 9. h3 Re8 10. a5 Bf8 11. Be3 exd4 12. Bxd4 Qc7 13. Bf1 Ne5 14. Nd2 g5 15. Nc4
Be6 16. Ne3 Bg7 17. Bxe5 dxe5 18. Qf3 Rad8 19. Bc4 Rd4 20. Bxe6 fxe6 21. Ne2 Rb4
22. b3 Rf8 23. Nc4 b5 24. axb6 axb6 25. Qc3 c5 26. Ng3 b5 27. Nb2 Rd4 28. Ra6
Qf7 29. f3 h5 30. Nd3 g4 31. Nxe5 Qc7 32. Rxe6 gxf3 33. gxf3 Nd7 34. f4 Rxf4 35.
Ng6 Rd6 36. e5 Rxe6 37. Nxf4 Rxe5 38. Rf1 Rg5 39. Qf3 h4 40. Nh5 Rxg3+ 41. Nxg3
Qxg3+ 42. Qxg3 hxg3 43. Kg2 Be5 44. Rf5 Kg7 45. h4 Kg6 46. Rg5+ Kf6 47. Rh5 b4
48. Kf3 Nf8 49. Rh6+ Kf5 50. Rh5+ Ke6 51. Ke4 Nd7 52. Rg5 Nf6+ 53. Kf3 Nh7 54.
Rh5 Nf6 55. Rg5 Nd5 56. h5 Kf6 57. Rg8 Ne7 58. Rg4 Nf5 59. Rg6+ Kf7 60. Rg5 Kf6
61. Rg6+ Kf7 62. Rg5 Nd4+ 63. Ke4 Bd6 64. h6 Ne6 65. Rg4 Nf8 66. Kf5 Ke8 67. Rg7
Be7 68. h7 Nxh7 69. Rxh7 Kd7 70. Rg7 Kd6 71. Rxg3 Kd5 72. Rd3+ Kc6 73. Ke6 Bg5
74. Rd6+ Kb5 75. Kd5 Bf4 76. Rc6 Be3 77. Rc8 Kb6 78. Rb8+ Kc7 79. Rb5 1-0

[Event "World Blitz 2025"]
[Site "Doha QAT"]
[Date "2025.12.30"]
[Round "19.24"]
[White "Sadhwani, Raunak"]
[Black "Keymer, Vincent"]
[Result "0-1"]
[WhiteTitle "GM"]
[BlackTitle "GM"]
[WhiteElo "2638"]
[BlackElo "2776"]
[WhiteFideId "35093487"]
[BlackFideId "12940690"]
[EventDate "2025.12.29"]

1. e4 e5 2. Nf3 Nc6 3. Be2 Nf6 4. d3 Bc5 5. c3 d6 6. O-O O-O 7. b4 Bb6 8. Bb2
Ne7 9. Nbd2 c6 10. Re1 Ng6 11. Bf1 Re8 12. h3 h6 13. Qc2 a5 14. a3 Bc7 15. c4
Bd7 16. d4 axb4 17. axb4 Rxa1 18. Bxa1 Nh7 19. d5 Ng5 20. c5 Nxf3+ 21. Nxf3 Qf6
22. Rd1 cxd5 23. exd5 Bxh3 24. c6 Bf5 25. Qa4 bxc6 26. dxc6 Bg4 27. Rd3 Nf4 28.
Ra3 Qg6 29. Qa7 Qb1 30. Nd2 Qc1 31. Qxc7 Qxa3 32. Qa5 Qxa5 33. bxa5 Ra8 34. Bc3
Nd5 35. Ne4 Nxc3 36. Nxc3 Rxa5 37. Nb5 d5 38. c7 Ra1 39. f3 Bd7 0-1

[Event "World Blitz 2025"]
[Site "Doha QAT"]
[Date "2025.12.30"]
[Round "19.25"]
[White "Safarli, Eltaj"]
[Black "Uskov, Artem"]
[Result "0-1"]
[WhiteTitle "GM"]
[BlackTitle "GM"]
[WhiteElo "2644"]
[BlackElo "2516"]
[WhiteFideId "13402129"]
[BlackFideId "34254854"]
[EventDate "2025.12.29"]

1. e4 c5 2. Nf3 e6 3. d4 cxd4 4. Nxd4 Nc6 5. Nc3 Qc7 6. g3 a6 7. Bg2 Nf6 8. O-O
d6 9. Re1 Nxd4 10. Qxd4 Bd7 11. a4 Be7 12. a5 O-O 13. h3 Bc6 14. Be3 Nd7 15. Qd2
Rac8 16. Ne2 Ne5 17. b3 Nd7 18. c4 Nc5 19. Qc2 Bf6 20. Bd4 Qe7 21. Rad1 Rfd8 22.
Nc3 Bxd4 23. Rxd4 Qc7 24. b4 e5 25. Rd2 Ne6 26. Qd1 b6 27. b5 Ba8 28. bxa6 Qxc4
29. Nd5 Bxd5 30. Rxd5 Qxa6 31. Bf1 Qa7 32. a6 Qc7 33. Re3 Nd4 34. Rxd4 exd4 35.
Qxd4 Qc5 36. Qd2 b5 37. Rb3 Rb8 38. Qa5 b4 39. Qa4 Rdc8 40. Kg2 Qd4 41. Re3 g6
42. h4 h5 43. Be2 Kg7 44. Bf3 Qe5 45. Rb3 Qc5 46. e5 d5 47. Rd3 Rd8 48. Qb3 Rb5
49. Qb2 d4 50. Bb7 Qxe5 51. Rf3 Qc5 52. Qb3 f5 53. Qe6 Qe5 54. Qc6 Qc5 55. Qe6
Qd6 56. Qc4 Rb6 57. Rd3 Kh6 58. Kh2 f4 59. Qc1 b3 60. Rd1 b2 61. Qc2 d3 62. Qb1
fxg3+ 63. fxg3 Qc5 64. Rd2 Qc2 65. Rxc2 dxc2 66. Qf1 c1=Q 67. Qf4+ 0-1

[Event "World Blitz 2025"]
[Site "Doha QAT"]
[Date "2025.12.30"]
[Round "19.26"]
[White "Nesterov, Arseniy"]
[Black "Sevian, Samuel"]
[Result "1-0"]
[WhiteTitle "GM"]
[BlackTitle "GM"]
[WhiteElo "2595"]
[BlackElo "2688"]
[WhiteFideId "24198455"]
[BlackFideId "2040506"]
[EventDate "2025.12.29"]

1. d4 Nf6 2. c4 e6 3. Nf3 b6 4. g3 Ba6 5. b3 Bb4+ 6. Bd2 Be7 7. Nc3 d5 8. cxd5
exd5 9. Bg2 O-O 10. O-O Re8 11. Rc1 Bb7 12. Bf4 a6 13. Ne5 Nbd7 14. Qd3 Nf8 15.
h4 Ne6 16. e3 h6 17. Bh3 Bf8 18. Rfd1 c5 19. dxc5 bxc5 20. Na4 Rc8 21. Nf3 Ne4
22. Bg2 Qf6 23. Be5 Qf5 24. Nc3 Rcd8 25. Ne2 Bc6 26. Qxa6 Rc8 27. Nf4 Nxf4 28.
exf4 d4 29. Nxd4 1-0

[Event "World Blitz 2025"]
[Site "Doha QAT"]
[Date "2025.12.30"]
[Round "19.27"]
[White "Maghsoodloo, Parham"]
[Black "Gholami Orimi, Mahdi"]
[Result "0-1"]
[WhiteTitle "GM"]
[BlackTitle "GM"]
[WhiteElo "2708"]
[BlackElo "2515"]
[WhiteFideId "12539929"]
[BlackFideId "12558486"]
[EventDate "2025.12.29"]

1. d4 Nf6 2. c4 e6 3. Nf3 d5 4. Nc3 Bb4 5. cxd5 exd5 6. Bf4 Ne4 7. Rc1 Nc6 8. e3
g5 9. Bg3 h5 10. h4 Nxg3 11. fxg3 Qd6 12. Kf2 gxh4 13. Rxh4 Bxc3 14. Rxc3 Rg8
15. Rf4 Bd7 16. Nh4 Rg5 17. Bb5 O-O-O 18. Bxc6 Bxc6 19. Nf3 Rg7 20. Ne5 Rdg8 21.
Qxh5 Rxg3 22. Qf5+ Kb8 23. Qxf7 Rxg2+ 24. Ke1 Bb5 25. Rf2 Rg1+ 26. Kd2 a6 27. a3
Ba4 28. b3 Be8 29. Qf6 Qxf6 30. Rxf6 R8g2+ 31. Kd3 Rd1# 0-1

[Event "World Blitz 2025"]
[Site "Doha QAT"]
[Date "2025.12.30"]
[Round "19.28"]
[White "Erdogmus, Yagiz Kaan"]
[Black "Indjic, Aleksandar"]
[Result "1-0"]
[WhiteTitle "GM"]
[BlackTitle "GM"]
[WhiteElo "2658"]
[BlackElo "2635"]
[WhiteFideId "44599790"]
[BlackFideId "911925"]
[EventDate "2025.12.29"]

1. e4 c5 2. Nf3 d6 3. Bb5+ Nd7 4. d4 Nf6 5. O-O cxd4 6. Nxd4 a6 7. Bd3 Nc5 8.
Re1 g6 9. Nc3 Bg7 10. Bf1 O-O 11. Nb3 Ncd7 12. a4 b6 13. Be3 Bb7 14. f3 Rc8 15.
Qd2 Qc7 16. Qf2 h5 17. Nd2 Rb8 18. Bd4 Nh7 19. Bxg7 Kxg7 20. Nd5 Qd8 21. Nb4 Ra8
22. Nb3 Nhf6 23. Red1 Qc7 24. c3 Nc5 25. Nd4 Rfd8 26. Ndc2 e6 27. Ne3 a5 28.
Nbc2 d5 29. exd5 Bxd5 30. Nxd5 Rxd5 31. Rxd5 Nxd5 32. Nd4 Rd8 33. Bb5 Nf6 34.
Re1 Rd5 35. Qg3 Qd8 36. Nc6 Qd6 37. Qxd6 Rxd6 38. Ne5 Rd8 39. Nc4 Nd5 40. Rd1
Rb8 41. Bc6 Nf6 42. Rd6 Kf8 43. Bb5 Nd5 44. Rc6 Nb3 45. Ne5 Ke7 46. Rc4 Kd6 47.
Nxf7+ Ke7 48. Ne5 Rg8 49. Re4 Nc5 50. Rh4 Nf6 51. Rd4 Nd5 52. Bc4 Ne3 53. Bb5
Nd5 54. b4 Nb3 55. Rc4 Nd2 56. Rc6 axb4 57. cxb4 Nxb4 1-0

[Event "World Blitz 2025"]
[Site "Doha QAT"]
[Date "2025.12.30"]
[Round "19.29"]
[White "Naiditsch, Arkadij"]
[Black "Iturrizaga Bonelli, Eduardo"]
[Result "1-0"]
[WhiteTitle "GM"]
[BlackTitle "GM"]
[WhiteElo "2574"]
[BlackElo "2592"]
[WhiteFideId "4650891"]
[BlackFideId "3901211"]
[EventDate "2025.12.29"]

1. e4 c6 2. d4 d5 3. exd5 cxd5 4. c4 Nf6 5. Nc3 Nc6 6. Nf3 a6 7. Bg5 Be6 8. Be2
g6 9. Bxf6 exf6 10. O-O Bg7 11. cxd5 Bxd5 12. Nxd5 Qxd5 13. Qb3 Qxb3 14. axb3
O-O-O 15. Rfd1 f5 16. Bc4 Nxd4 17. Ng5 Rd7 18. Nxf7 Re8 19. Ng5 h6 20. Nf3 Nxf3+
21. gxf3 Bxb2 22. Rxd7 Kxd7 23. Rd1+ Kc7 24. Kf1 g5 25. Re1 Be5 26. Bd3 f4 27.
Kg2 Re7 28. Kh3 Kd6 29. Kg4 Bd4 1-0